000 00307nam a22001217a 4500
020 _a8174090517
082 _222
_a658.202
100 _aNayak, B.S.
245 _aA manual on maintenance engineering /
260 _aNew Delhi,
_bKhanna
_cc2005.
300 _aviii,256 p. ;
_bill. ;
_c24 cm.
942 _2ddc
_cCIVIL
_01
999 _c620
_d620